Super Smash Bros. Melee Players Ever Ranked in the Top 10 - Statistics

General Stats
  • This quiz has been taken 177 times
  • The average score is 16 of 20
Answer Stats
Year Rank Characters Player % Correct
2013 5 Jigglypuff Hungrybox
100%
2013 1 Fox, Falco Mango
98%
2013 2 Peach Armada
97%
2013 3 Sheik, Marth, Fox Mew2King
95%
2014 6 Fox Leffen
93%
2018 7 Marth Zain
93%
2013 4 Falco PPMD
92%
2014 7 Pikachu Axe
90%
2018 9 Yoshi aMSa
89%
2015 7 Sheik, Samus Plup
87%
2017 8 Captain Falcon Wizzrobe
84%
2019 9 Fox iBDW
80%
2013 8 Ice Climbers Wobbles
79%
2017 10 Captain Falcon, Falco S2J
75%
2013 6 Captain Falcon Hax
74%
2013 7 Dr. Mario, Sheik, Marth Shroomed
63%
2013 10 Fox SFAT
62%
2014 9 Falco Westballz
53%
2013 9 Sheik KirbyKaze
31%
2014 10 Fox Colbol
28%
No matching quizzes found
Score Distribution
Percent of People with Each Score
Percentile by Number Answered
Your Score History
You have not taken this quiz